Etika a etický kódex vo finančných inštitúciach bakalárska práca

Gespeichert in:
Bibliographische Detailangaben
1. Verfasser: Zánová, Kinga
Körperschaft: Národohospodárska fakulta EU. Katedra bankovníctva a medzinárodných financií
Weitere Verfasser: Pilch, Ctibor, 1957-
Format: Buch
Sprache:Slowakisch
Veröffentlicht: Bratislava 2018
Tags: Tag hinzufügen
Keine Tags, Fügen Sie das erste Tag hinzu!

MARC

LEADER 00000nbm a2200000 4500
001 0245826
005 20181214133911.5
041 0 |a slo 
044 |a SK 
245 1 0 |a Etika a etický kódex vo finančných inštitúciach  |b bakalárska práca  |c Kinga Zánová ; školiteľ: Ctibor Pilch 
264 1 |a Bratislava  |c 2018 
300 |a 46 s. 
100 1 |a Zánová, Kinga 
700 1 |a Pilch, Ctibor, 1957- 
710 2 |a Národohospodárska fakulta EU. Katedra bankovníctva a medzinárodných financií